000 00571nam a2200217Ia 4500
003 OSt
005 20220926044608.0
006 a|||||r|||| 00| 0
007 ta
008 220923b |||||||| |||| 00| 0 eng d
037 _cGeneral Book
040 _aRTL
_cRTL
_beng
041 _2eng
_aeng
082 _aV2-3.M, A
100 _aWheeler J Talboys
245 0 _aEarly records of British India
_b A history of the E
260 _c1860
650 _aBureaucracy India
942 _hV2-3.M, A
_cGB
_2CC
999 _c675282
_d675282